Eco design: furniture. Meubles. Muebles. Mobiliário
Uloženo v:
| Médium: | Kniha |
|---|---|
| Jazyk: | angličtina francouzština španělština portugalština |
| Vydáno: |
Barcelona
Promotora de Prensa Internacional S. A
2013
|
| Vydání: | 1a. ed |
| Témata: | |
| Tagy: |
Přidat tag
Žádné tagy, Buďte první, kdo vytvoří štítek k tomuto záznamu!
|
MARC
| LEADER | 00000cam a2200000 a 4500 | ||
|---|---|---|---|
| 001 | UCE1898 | ||
| 003 | CL-VaPUC | ||
| 008 | 140526e20130000sp |||||||||||||||||eng|d | ||
| 020 | |a 9788492810840 | ||
| 041 | 0 | 7 | |a eng |2 CL-VaPUC |
| 041 | 0 | 7 | |a fre |2 CL-VaPUC |
| 041 | 0 | 7 | |a spa |2 CL-VaPUC |
| 041 | 0 | 7 | |a por |2 CL-VaPUC |
| 082 | 0 | 4 | |a 749.3 |b ECO |2 21 |
| 245 | 1 | 0 | |a Eco design: furniture. Meubles. Muebles. Mobiliário |
| 250 | |a 1a. ed | ||
| 300 | |a 155 p | ||
| 942 | |c BK | ||
| 945 | |d 20140526 07:41:00 |a dcastane | ||
| 260 | |a Barcelona |b Promotora de Prensa Internacional S. A |c 2013 | ||
| 650 | 0 | |a Diseño de muebles |9 266980 | |
| 650 | 0 | |a Muebles |9 266979 | |
| 650 | 7 | |a SILLAS |2 CL-VaPUC |9 369552 | |
| 583 | |a last modification |c 20140526 07:41:00 |k Rodrigo Vera | ||
| 999 | |c 355581 |d 355579 | ||
| 952 | |0 0 |1 0 |3 erb |4 0 |6 749_300000000000000_ECO_2013 |7 0 |8 A |9 462346 |a BIBARQ |b BIBARQ |i 5081017 |l 4 |o 749.3 ECO 2013 |p 5081017 |r 2025-01-20 |s 2024-07-22 |w 2019-11-23 |y BK |z Catalogado en:20140526 |k ARQ | ||